<?xml version='1.0' encoding='UTF-8'?>
  <record xmlns="http://www.loc.gov/MARC21/slim">
    <leader>00000cam a22000007i 4500</leader>
    <controlfield tag="001">ocn898836953</controlfield>
    <controlfield tag="003">OCoLC</controlfield>
    <controlfield tag="005">20250506171544.9</controlfield>
    <controlfield tag="008">840523s1887    ne            000 0 lat d</controlfield>
    <datafield tag="040" ind1=" " ind2=" ">
      <subfield code="a">NLGGC</subfield>
      <subfield code="b">dut</subfield>
      <subfield code="e">fobidrtb</subfield>
      <subfield code="c">NLGGC</subfield>
      <subfield code="d">OCLCO</subfield>
      <subfield code="d">OCLCL</subfield>
      <subfield code="d">OCLCQ</subfield>
    </datafield>
    <datafield tag="029" ind1="0" ind2=" ">
      <subfield code="a">NLGGC</subfield>
      <subfield code="b">841469539</subfield>
    </datafield>
    <datafield tag="029" ind1="1" ind2=" ">
      <subfield code="a">NLGGC</subfield>
      <subfield code="b">058892680</subfield>
    </datafield>
    <datafield tag="035" ind1=" " ind2=" ">
      <subfield code="a">(OCoLC)898836953</subfield>
    </datafield>
    <datafield tag="050" ind1=" " ind2="4">
      <subfield code="a">PA6279</subfield>
      <subfield code="b">.C18 1887</subfield>
    </datafield>
    <datafield tag="082" ind1="0" ind2="4">
      <subfield code="a">FD259</subfield>
    </datafield>
    <datafield tag="100" ind1="1" ind2=" ">
      <subfield code="a">Cicero, M. Tullius</subfield>
      <subfield code="q">(Marcus Tullius),</subfield>
      <subfield code="d">106-43 v. Chr.</subfield>
      <subfield code="1">https://id.oclc.org/worldcat/entity/E39PCjxmp4wP3BRF6RbHVG67pP</subfield>
    </datafield>
    <datafield tag="245" ind1="1" ind2="0">
      <subfield code="a">M. Tullii Ciceronis pro M. Caelio oratio ad iudices /</subfield>
      <subfield code="c">ad optimos codices denuo collatos in usum academicae iuventutis, recognovit I.C. Vollgraff ; accessit appendix critica.</subfield>
    </datafield>
    <datafield tag="246" ind1="3" ind2=" ">
      <subfield code="a">Pro M. Caelio oratio ad judices</subfield>
    </datafield>
    <datafield tag="246" ind1="3" ind2=" ">
      <subfield code="a">Oratio pro M. Caelio</subfield>
    </datafield>
    <datafield tag="260" ind1=" " ind2=" ">
      <subfield code="a">Lugduni-Batavorum :</subfield>
      <subfield code="b">Brill,</subfield>
      <subfield code="c">1887.</subfield>
    </datafield>
    <datafield tag="300" ind1=" " ind2=" ">
      <subfield code="a">XV, 96 p. ;</subfield>
      <subfield code="c">23 cm.</subfield>
    </datafield>
    <datafield tag="336" ind1=" " ind2=" ">
      <subfield code="a">tekst</subfield>
      <subfield code="b">txt</subfield>
      <subfield code="2">rdacontent/dut</subfield>
    </datafield>
    <datafield tag="337" ind1=" " ind2=" ">
      <subfield code="a">zonder medium</subfield>
      <subfield code="b">n</subfield>
      <subfield code="2">rdamedia/dut</subfield>
    </datafield>
    <datafield tag="338" ind1=" " ind2=" ">
      <subfield code="a">band</subfield>
      <subfield code="b">nc</subfield>
      <subfield code="2">rdacarrier/dut</subfield>
    </datafield>
    <datafield tag="500" ind1=" " ind2=" ">
      <subfield code="a">voortitel: M. Tullii Ciceronis Oratio pro M. Caelio.</subfield>
    </datafield>
    <datafield tag="530" ind1=" " ind2=" ">
      <subfield code="a">Ook beschikbaar in microvorm.</subfield>
    </datafield>
    <datafield tag="530" ind1=" " ind2=" ">
      <subfield code="a">Titel is geselecteerd voor digitalisering voor de Universiteit van Leiden in het kader van het Google Books-project.</subfield>
    </datafield>
    <datafield tag="700" ind1="1" ind2=" ">
      <subfield code="a">Vollgraff, J.C.</subfield>
      <subfield code="q">(Johann Christoph),</subfield>
      <subfield code="d">1848-1920.</subfield>
      <subfield code="1">https://id.oclc.org/worldcat/entity/E39PBJmTr4PvrfP7dHxj3CrDv3</subfield>
    </datafield>
    <datafield tag="758" ind1=" " ind2=" ">
      <subfield code="a">M Tullii Ciceronis Pro M. Caelio Oratio ad Iudices (Text)</subfield>
      <subfield code="1">https://id.oclc.org/worldcat/entity/E39PCG4JXPMRbtT3tHWH3hKWpd</subfield>
      <subfield code="4">https://id.oclc.org/worldcat/ontology/hasWork</subfield>
    </datafield>
    <datafield tag="776" ind1="0" ind2=" ">
      <subfield code="t">M. Tullii Ciceronis pro M. Caelio oratio ad iudices</subfield>
      <subfield code="w">(NL-LeOCL)432760229</subfield>
    </datafield>
    <datafield tag="776" ind1="0" ind2=" ">
      <subfield code="t">M. Tullii Ciceronis pro M. Caelio oratio ad iudices</subfield>
      <subfield code="w">(NL-LeOCL)432893555</subfield>
    </datafield>
    <datafield tag="936" ind1=" " ind2=" ">
      <subfield code="a">BATCHLOAD</subfield>
    </datafield>
  </record>